000 00621nam a22001817a 4500
005 20251108164949.0
008 250721s2007 xx 000 0 ara d
082 1 4 _a811.5009/مصر
100 1 _aالمصري، عيسى
_eمؤلف
245 1 0 _aالإبداع و السلطة في شعر العصر العباسي الأول: ( الشاعر و الخليفة ) /
264 1 _aعمان :
_bالرائد العلمية للنشر،
_c2007.
300 _a300ص.
650 1 7 _aالعصر العباسي
650 1 7 _aالنقد الادبي
650 1 7 _aالشعر العربي
942 _2ddc
_cBK
999 _c18572
_d18572